[Event "ch-FRA Blitz Online Qual"]
[Site "Europe-Chess INT"]
[Date "2020.05.16"]
[Round "9"]
[White "Dijoux, Julien"]
[Black "Pottier, Simeon"]
[Result "1/2-1/2"]
[WhiteElo "1862"]
[BlackElo "2186"]
[WhiteFideId "666483"]
[BlackFideId "26069296"]
[EventDate "2020.05.16"]

1. d4 Nf6 2. c4 c5 3. d5 b5 4. cxb5 a6 5. b6 g6 6. Nc3 Bg7 7. Nf3 d6 8. e4 O-O
9. Nd2 Nbd7 10. a4 a5 11. Be2 Nxb6 12. O-O e6 13. dxe6 Bxe6 14. Nf3 d5 15. exd5
Nfxd5 16. Nxd5 Nxd5 17. Ra3 Qb6 18. Ng5 Nb4 19. Nxe6 Qxe6 20. Re3 Qf5 21. Qb3
Rab8 22. Qc4 Bd4 23. Rf3 Qc2 24. b3 Rbe8 25. Qxc2 Nxc2 26. Bc4 Ne1 27. Rh3 Nc2
28. Bh6 Bg7 29. Bf4 Re4 30. Bd6 Rfe8 31. Bxc5 Re1 32. g3 Rxf1+ 33. Kxf1 Bc3 34.
Kg2 Bb4 35. Bxb4 Nxb4 36. Rh4 Kg7 37. Rd4 Re7 38. Rd2 f5 39. f4 h6 40. Kf2 Nc6
41. Rd6 Rc7 42. Ke3 Re7+ 43. Kf2 Nb4 44. Rd8 Nc2 45. Rg8+ Kf6 46. Rf8+ Kg7 47.
Rg8+ Kh7 48. Ra8 Ne3 49. Bb5 Ng4+ 50. Kg1 Re3 51. Ra7+ Kg8 52. Ra8+ Kg7 53. Ra7+
Kf6 54. Ra6+ Kf7 55. Ra7+ Kf8 56. Ra8+ Ke7 57. Ra7+ Kd8 58. Rxa5 Rxb3 59. Ra8+
Kc7 60. Ra7+ Kb8 61. Rg7 Rb1+ 62. Kg2 Rb2+ 63. Kg1 Nxh2 64. Rxg6 Nf3+ 65. Kf1
Rd2 66. Rxh6 Ka7 67. Rf6 Nh2+ 68. Ke1 Nf3+ 69. Kf1 Nh2+ 70. Ke1 Nf3+ 71. Kf1 1/2-1/2

[Event "ch-FRA Blitz Online Qual"]
[Site "Europe-Chess INT"]
[Date "2020.05.16"]
[Round "9"]
[White "Bellahcene, Sofia"]
[Black "Masset, Jacques"]
[Result "0-1"]
[WhiteElo "1948"]
[BlackElo "2058"]
[WhiteFideId "26075954"]
[BlackFideId "20603703"]
[EventDate "2020.05.16"]

1. e4 e5 2. Bc4 Nc6 3. Nc3 g6 4. d3 Bg7 5. Nf3 Nge7 6. a4 O-O 7. O-O d6 8. h3
Be6 9. Bxe6 fxe6 10. Ng5 Qd7 11. Qg4 Rf6 12. f4 Raf8 13. Bd2 h6 14. Nf3 exf4 15.
Nd5 Nxd5 16. exd5 Ne5 17. dxe6 Qxe6 18. Qxe6+ Rxe6 19. Nxe5 dxe5 20. Rae1 Rfe8
21. Bc3 g5 22. Re4 Kf7 23. Rfe1 Bf6 24. Rb4 Rb6 25. Rxb6 axb6 26. Re4 Re6 27.
Kf2 Kg6 28. Kf3 h5 29. Bb4 Be7 30. Bc3 Bd6 31. d4 Kf5 32. d5 Re7 33. Bd2 g4+ 0-1

[Event "ch-FRA Blitz Online Qual"]
[Site "Europe-Chess INT"]
[Date "2020.05.16"]
[Round "9"]
[White "Antao, Amory"]
[Black "Duquesne, Adrien"]
[Result "1-0"]
[WhiteElo "2099"]
[BlackElo "2147"]
[WhiteFideId "36049700"]
[BlackFideId "20650582"]
[EventDate "2020.05.16"]

1. Nc3 d5 2. e4 dxe4 3. Nxe4 Bf5 4. Ng3 Bg6 5. h4 h6 6. d4 e6 7. Nf3 Nf6 8. c3
c5 9. Be3 cxd4 10. Qxd4 Nc6 11. Qxd8+ Rxd8 12. Bb5 Be7 13. Ne5 Rc8 14. Bxc6+
bxc6 15. Nxg6 fxg6 16. O-O-O Kf7 17. Rd2 Rc7 18. Rhd1 Ng4 19. Rd7 Rhc8 20. Bxa7
Rxd7 21. Rxd7 Ne5 22. Rb7 Nd3+ 23. Kb1 Nf4 24. Bc5 Re8 25. Ne4 Kf8 26. Bxe7+
Rxe7 27. Rxe7 Kxe7 28. g3 Nd5 29. Kc2 e5 30. a4 Kd7 31. c4 Ne7 32. Kc3 Nf5 33.
Nc5+ Kd6 34. Nd3 Nd4 35. a5 c5 36. b4 cxb4+ 37. Kxb4 e4 38. Nf4 Kc6 39. Nxg6 Nf5
40. Ne5+ Kd6 41. a6 1-0

[Event "ch-FRA Blitz Online Qual"]
[Site "Europe-Chess INT"]
[Date "2020.05.16"]
[Round "9"]
[White "Moracchini, Margaux"]
[Black "Lamorelle, Yves"]
[Result "1-0"]
[BlackTitle "FM"]
[WhiteElo "1933"]
[BlackElo "2052"]
[WhiteFideId "36018198"]
[BlackFideId "601810"]
[EventDate "2020.05.16"]

1. e4 e5 2. Nf3 Nc6 3. d4 exd4 4. Nxd4 d6 5. Nc3 Nf6 6. g3 Be7 7. Bg2 O-O 8. O-O
Bd7 9. h3 Qc8 10. Kh2 Re8 11. Be3 Nxd4 12. Bxd4 Bc6 13. Re1 Nd7 14. Qd2 Bf6 15.
Rad1 Bxd4 16. Qxd4 Nf6 17. b4 a6 18. a4 b6 19. Re2 Qd7 20. b5 axb5 21. axb5 Bb7
22. Rde1 Qc8 23. f4 Nd7 24. e5 dxe5 25. fxe5 Bxg2 26. Rxg2 Nc5 27. Rge2 Qe6 28.
Qd5 Qg6 29. Ne4 Ra3 30. Re3 Ra2 31. R1e2 Ra1 32. Nxc5 bxc5 33. Qxc5 Qf5 34. Qc6
Rd8 35. Rf3 Qc8 36. e6 Rdd1 37. exf7+ 1-0

[Event "ch-FRA Blitz Online Qual"]
[Site "Europe-Chess INT"]
[Date "2020.05.16"]
[Round "9"]
[White "Hue, Victor"]
[Black "Iglesias, Christophe"]
[Result "1-0"]
[WhiteElo "2038"]
[BlackElo "1815"]
[WhiteFideId "26045710"]
[BlackFideId "551007584"]
[EventDate "2020.05.16"]

1. e4 c6 2. Nf3 d5 3. exd5 cxd5 4. d4 Bg4 5. c4 Nf6 6. Nc3 e6 7. cxd5 Nxd5 8.
Qa4+ Nd7 9. Nxd5 exd5 10. Ne5 Be6 11. Bb5 a6 12. Bxd7+ Bxd7 13. Qb3 Bc6 14. O-O
Be7 15. Be3 O-O 16. Rfc1 Rc8 17. Nxc6 bxc6 18. Qb7 a5 19. Qa6 Qc7 20. Rc2 Ra8
21. Qxc6 Qxc6 22. Rxc6 Rfb8 23. Rc7 Bd8 24. Rc2 f6 25. Rac1 Kf7 26. b3 a4 27.
Rb2 axb3 28. axb3 Rb4 29. g3 Ra3 30. Rc5 Raxb3 31. Rxb3 Rxb3 32. Rxd5 Ke6 33.
Rxd8 1-0

[Event "ch-FRA Blitz Online Qual"]
[Site "Europe-Chess INT"]
[Date "2020.05.16"]
[Round "9"]
[White "Alif, Yassine"]
[Black "Sobry, Sebastien"]
[Result "1-0"]
[WhiteElo "1874"]
[BlackElo "2034"]
[WhiteFideId "45107203"]
[BlackFideId "622516"]
[EventDate "2020.05.16"]

1. d4 c5 2. d5 d6 3. c4 b5 4. cxb5 a6 5. bxa6 g6 6. Nc3 Bxa6 7. e4 Bxf1 8. Kxf1
Nf6 9. g3 Bg7 10. Kg2 O-O 11. Nf3 Nbd7 12. Qe2 Qb6 13. a4 Qb4 14. Bd2 Rfb8 15.
b3 h6 16. Rhe1 Qb7 17. Rab1 Rc8 18. Nb5 Nb6 19. Na3 Nfd7 20. Rec1 Ne5 21. Nxe5
dxe5 22. Qb5 Rab8 23. b4 cxb4 24. Rxb4 Rxc1 25. Bxc1 Qc7 26. Qc6 Qa7 27. Be3 Qa5
28. Rxb6 Ra8 29. Qb5 Qxa4 30. Qxa4 Rxa4 31. Nb5 Rxe4 32. Nc3 Rc4 33. Ne2 e4 34.
Rb7 f6 35. Rxe7 Kf8 36. Rd7 f5 37. Nf4 Rc2 38. Ne6+ Ke8 39. Rxg7 g5 40. Rh7 f4
41. gxf4 gxf4 42. Bxf4 Re2 43. Rxh6 1-0

[Event "ch-FRA Blitz Online Qual"]
[Site "Europe-Chess INT"]
[Date "2020.05.16"]
[Round "9"]
[White "Emmenecker, Pierre-Antoine"]
[Black "Rebut, Paul"]
[Result "0-1"]
[WhiteElo "2172"]
[BlackElo "1966"]
[WhiteFideId "36031321"]
[BlackFideId "45111057"]
[EventDate "2020.05.16"]

1. e4 c5 2. c3 Nf6 3. e5 Nd5 4. Nf3 Nc6 5. d4 cxd4 6. cxd4 d6 7. Bc4 Nb6 8. Bb3
e6 9. O-O dxe5 10. dxe5 Qxd1 11. Rxd1 Be7 12. Nc3 O-O 13. Bf4 Na5 14. Bc2 Bd7
15. Rac1 Bc6 16. Be4 Bxe4 17. Nxe4 Rac8 18. Nd6 Rxc1 19. Rxc1 Nd5 20. Bg3 Bxd6
21. exd6 Nc6 22. Ne5 Nxe5 23. Bxe5 f6 24. d7 Nb6 25. Bd4 Nxd7 26. Rc7 Rd8 27.
Bxa7 Ne5 28. h3 Nc6 29. Rxb7 Ra8 30. Bc5 Rxa2 31. Ba3 Ra1+ 32. Kh2 Rd1 33. Rc7
Ne5 34. Rc8+ Kf7 35. Rf8+ Kg6 36. Rc8 Rd2 37. Kg1 Rd1+ 38. Kh2 Rd2 39. Kg3 Nd3
40. Rd8 Nxf2 41. Rxd2 Ne4+ 42. Kf4 Nxd2 43. Ke3 Nb3 44. Bf8 Kf7 45. Bd6 e5 46.
Kd3 Ke6 47. Bf8 g6 48. Kc3 Na5 49. b4 Nb7 50. Bh6 Kd5 51. Be3 f5 52. Bg1 e4 53.
b5 f4 54. Kb4 g5 55. b6 e3 56. Kb5 h5 57. Ka6 Kc6 58. g3 Nc5+ 59. Ka7 Nb7 60. h4
gxh4 61. gxf4 h3 62. f5 e2 63. Bf2 h2 64. f6 Nd6 65. f7 Nxf7 66. b7 h1=Q 67.
b8=Q Qa1# 0-1

[Event "ch-FRA Blitz Online Qual"]
[Site "Europe-Chess INT"]
[Date "2020.05.16"]
[Round "9"]
[White "Roussel, Simon"]
[Black "Carlier-Bromberg, Paul"]
[Result "1-0"]
[WhiteElo "2140"]
[BlackElo "1790"]
[WhiteFideId "26025710"]
[BlackFideId "36099155"]
[EventDate "2020.05.16"]

1. e4 e5 2. Nf3 Nc6 3. d4 exd4 4. Nxd4 Bc5 5. Be3 Bb6 6. Nf5 Bxe3 7. Nxe3 Nf6 8.
Nc3 O-O 9. Bc4 d6 10. O-O Re8 11. f3 Be6 12. Bb3 h6 13. Qd2 Qd7 14. Rad1 Bxb3
15. axb3 Ne7 16. e5 Nh7 17. exd6 cxd6 18. Qxd6 Qxd6 19. Rxd6 Nc8 20. Rd3 Nb6 21.
Rfd1 Nf6 22. Kf2 Kh7 23. Nf5 Re5 24. Nd6 Re7 25. Nce4 Nxe4+ 26. Nxe4 Rae8 27.
R1d2 Rc8 28. Nd6 Rc6 29. Nf5 Rec7 30. c3 Rf6 31. Ne3 Re7 32. Nd5 Nxd5 33. Rxd5
Rb6 34. b4 Rbe6 35. Rd7 Rxd7 36. Rxd7 a5 37. Rxb7 axb4 38. Rxb4 Rc6 39. Rb7 Kg6
40. Ke3 Kf6 41. Kd4 g6 42. c4 Re6 43. c5 Re2 44. b4 Rxg2 45. c6 Rc2 46. Kd5 Rxh2
47. c7 Rc2 48. Rb6+ Ke7 49. Rc6 Rd2+ 50. Kc5 Rc2+ 51. Kb6 Rxc6+ 52. Kxc6 h5 53.
c8=Q f5 54. b5 Kf6 55. b6 Kg5 56. b7 h4 57. Qd8+ Kf4 58. Qxh4+ Kxf3 59. b8=Q g5
60. Qb3+ Kg2 61. Qhg3+ Kf1 62. Qd1# 1-0

[Event "ch-FRA Blitz Online Qual"]
[Site "Europe-Chess INT"]
[Date "2020.05.16"]
[Round "9"]
[White "Revel, Adrien"]
[Black "Lauron, Wesley"]
[Result "0-1"]
[WhiteElo "1859"]
[BlackElo "1878"]
[WhiteFideId "624179"]
[BlackFideId "36012769"]
[EventDate "2020.05.16"]

1. e4 e5 2. Nf3 Nc6 3. Bc4 Bc5 4. c3 Nf6 5. d3 d6 6. O-O a6 7. a4 Ba7 8. Nbd2
O-O 9. h3 Ne7 10. Re1 Ng6 11. Nf1 c6 12. Ng3 d5 13. exd5 cxd5 14. Ba2 Re8 15.
Bg5 h6 16. Bxf6 Qxf6 17. Bxd5 Nf4 18. Bc4 Qg6 19. d4 e4 20. Ne5 Rxe5 21. dxe5
Qxg3 22. Qd8+ Kh7 23. Bf1 Bxf2+ 24. Kh1 Bxh3 0-1

[Event "ch-FRA Blitz Online Qual"]
[Site "Europe-Chess INT"]
[Date "2020.05.16"]
[Round "9"]
[White "Poulet, Benoit"]
[Black "Kieffer, Anatole"]
[Result "1-0"]
[WhiteElo "2094"]
[BlackElo "2094"]
[WhiteFideId "26085844"]
[BlackFideId "20650027"]
[EventDate "2020.05.16"]

1. d4 Nf6 2. Nc3 g6 3. e4 d6 4. Bf4 Bg7 5. Qd2 O-O 6. O-O-O Re8 7. Nf3 Bg4 8.
Be2 Nbd7 9. e5 Nh5 10. exd6 cxd6 11. Bh6 Bh8 12. h3 Bxf3 13. Bxf3 Nhf6 14. Bxb7
Rb8 15. Bf3 Qb6 16. Na4 Qb5 17. b3 Rec8 18. Be2 Qd5 19. Bf3 Qb5 20. Nb2 Nb6 21.
Kb1 Nfd5 22. Bxd5 Nxd5 23. c4 Qb7 24. cxd5 Qxd5 25. Be3 a5 26. Ka1 Qxg2 27. Rc1
Rxc1+ 28. Rxc1 Qxh3 29. Qxa5 Qg4 30. Qa7 Re8 31. Qa4 Rc8 32. Rxc8+ Qxc8 33. Qc4
Qg4 34. a4 e5 35. dxe5 Bxe5 36. Qxg4 1-0

[Event "ch-FRA Blitz Online Qual"]
[Site "Europe-Chess INT"]
[Date "2020.05.16"]
[Round "9"]
[White "Fischler, Oscar"]
[Black "Ciccoli, Theo"]
[Result "1/2-1/2"]
[WhiteElo "1864"]
[BlackElo "2178"]
[WhiteFideId "45190186"]
[BlackFideId "26053780"]
[EventDate "2020.05.16"]

1. Nf3 c5 2. c4 Nc6 3. Nc3 g6 4. g3 Bg7 5. Bg2 e5 6. d3 Nge7 7. O-O O-O 8. Nd5
d6 9. Bd2 Be6 10. Nxe7+ Nxe7 11. Qc1 Nf5 12. e4 Nd4 13. Nxd4 cxd4 14. Bh6 Qa5
15. Bxg7 Kxg7 16. Qe1 Qc5 17. b4 Qc7 18. Qd2 a5 19. a3 f5 20. exf5 gxf5 21. f4
Kh8 22. fxe5 dxe5 23. c5 Bd7 24. Bh3 Qc6 25. Bg2 Qc7 26. Bh3 Rf6 27. Rf2 Raf8
28. Raf1 Qc6 29. Qe2 Qe6 30. Re1 Re8 31. Ref1 Ref8 32. Re1 Re8 33. Ref1 Ref8 1/2-1/2

[Event "ch-FRA Blitz Online Qual"]
[Site "Europe-Chess INT"]
[Date "2020.05.16"]
[Round "9"]
[White "Chung, Mathilde"]
[Black "Calvo, Dylan"]
[Result "0-1"]
[WhiteTitle "WFM"]
[WhiteElo "2083"]
[BlackElo "2018"]
[WhiteFideId "676446"]
[BlackFideId "36019410"]
[EventDate "2020.05.16"]

1. d4 e6 2. c4 b6 3. Nf3 Bb7 4. g3 Bb4+ 5. Bd2 Bxd2+ 6. Nbxd2 f5 7. Bg2 Nf6 8.
O-O O-O 9. Qc2 Qe8 10. Rfe1 d6 11. Nh4 Bxg2 12. Nxg2 Nc6 13. Nf3 Ne4 14. d5 Nb8
15. Nf4 e5 16. Ne6 Rf7 17. Nfg5 Nxg5 18. Nxg5 Rf6 19. Ne6 Na6 20. a3 Qh5 21. Kg2
Rc8 22. b4 f4 23. Qe4 fxg3 24. hxg3 Qf5 25. Qxf5 Rxf5 26. e4 Rf6 27. Rac1 c5 28.
b5 Nc7 29. Ng5 Rcf8 30. Rc2 h6 31. Nh3 g5 32. Ng1 Kg7 33. f3 Kg6 34. Rc3 Ne8 35.
a4 Ng7 36. g4 Ne8 37. Ra3 R6f7 38. a5 Nf6 39. axb6 axb6 40. Ne2 h5 41. Ng3 hxg4
42. Nf5 gxf3+ 43. Rxf3 Nxe4 44. Ne7+ Kg7 45. Rxf7+ Rxf7 46. Rxe4 Rxe7 47. Rg4
Kg6 48. Kf3 Rf7+ 49. Ke3 Rf4 50. Rg1 Rxc4 51. Rh1 Rd4 0-1

[Event "ch-FRA Blitz Online Qual"]
[Site "Europe-Chess INT"]
[Date "2020.05.16"]
[Round "9"]
[White "Jouneau, Quentin"]
[Black "Siffert, Arman"]
[Result "0-1"]
[WhiteElo "2018"]
[BlackElo "1887"]
[WhiteFideId "649716"]
[BlackFideId "45125350"]
[EventDate "2020.05.16"]

1. e4 c5 2. Nf3 Nc6 3. d4 cxd4 4. Nxd4 e5 5. Nb5 d6 6. c4 Be7 7. Be3 a6 8. N5c3
Bg5 9. Bxg5 Qxg5 10. Nd5 Qd8 11. Nbc3 Nge7 12. Be2 O-O 13. O-O Nxd5 14. Nxd5 Nd4
15. Rc1 Be6 16. b4 Bxd5 17. exd5 a5 18. b5 b6 19. Bd3 f5 20. f4 Qf6 21. fxe5
Qxe5 22. Qd2 Rae8 23. Rce1 Qf6 24. Bb1 g6 25. Rf2 Rxe1+ 26. Qxe1 Rf7 27. Rd2 f4
28. Qf2 Nf5 29. Bxf5 Qxf5 30. Qd4 f3 31. g3 Qb1+ 32. Kf2 Qh1 33. Qxb6 Qxh2+ 34.
Ke3 Re7+ 35. Kd3 Qxg3 36. Qd8+ Kf7 37. Qxd6 Qxd6 0-1

[Event "ch-FRA Blitz Online Qual"]
[Site "Europe-Chess INT"]
[Date "2020.05.16"]
[Round "9"]
[White "Herbin, Alexandre"]
[Black "Maugenest, Ghislain"]
[Result "0-1"]
[WhiteElo "1869"]
[BlackElo "2013"]
[WhiteFideId "36047783"]
[BlackFideId "36029483"]
[EventDate "2020.05.16"]

1. e4 e5 2. Nf3 Nc6 3. d4 exd4 4. Nxd4 Nf6 5. Nc3 Bb4 6. Nxc6 bxc6 7. Bd3 d5 8.
exd5 cxd5 9. O-O O-O 10. Bg5 c6 11. Qf3 Be7 12. h3 h6 13. Bh4 Rb8 14. b3 Rb4 15.
Bg3 Bd6 16. Ne2 Be6 17. Rad1 a5 18. c4 Qb8 19. cxd5 cxd5 20. Bb1 a4 21. bxa4
Rxa4 22. Bxd6 Qxd6 23. Ng3 Ra3 24. Qe2 Rfa8 25. Nf5 Bxf5 26. Bxf5 Rxa2 27. Qb5
g6 28. Bb1 R2a5 29. Qd3 Kg7 30. Bc2 h5 31. Qd4 Qc5 32. Bb3 Qxd4 33. Rxd4 Rb8 34.
Bc2 Rc5 35. Bd3 Rb2 36. Ra1 Nd7 37. Ra7 Ne5 38. Ba6 Rc1+ 39. Kh2 Rxf2 40. Rxd5
Re1 41. Bb7 Rb2 42. Ba8 Ree2 43. Rd4 Rxg2+ 44. Bxg2 Nf3+ 45. Kg3 Nxd4 46. Bd5
Nf5+ 47. Kf4 Nh6 48. h4 Rf2+ 49. Kg3 Rf5 50. Be4 Re5 51. Bf3 Rb5 52. Rd7 Rb4 53.
Rd3 Nf5+ 54. Kf2 Nxh4 55. Rd7 Nxf3 56. Kxf3 Kf6 57. Rd6+ Kg5 58. Ra6 f5 59. Kg2
h4 60. Ra3 Kg4 61. Rf3 Rb2+ 62. Rf2 h3+ 63. Kg1 Rxf2 64. Kxf2 f4 65. Kg1 f3 66.
Kh2 f2 67. Kh1 f1=Q+ 68. Kh2 Qg2# 0-1

[Event "ch-FRA Blitz Online Qual"]
[Site "Europe-Chess INT"]
[Date "2020.05.16"]
[Round "9"]
[White "Bregnac, Tristan"]
[Black "Ibrouchene, Christophe"]
[Result "1-0"]
[WhiteElo "2047"]
[BlackElo "1797"]
[WhiteFideId "36017825"]
[BlackFideId "45110786"]
[EventDate "2020.05.16"]

1. e4 d5 2. exd5 Nf6 3. d4 Nxd5 4. c4 Nb6 5. Nf3 g6 6. Be2 Bg7 7. O-O O-O 8. Nc3
c6 9. Be3 Bf5 10. Qd2 N8d7 11. b3 Rc8 12. Rad1 Qe8 13. Bh6 e5 14. Bxg7 Kxg7 15.
dxe5 Nxe5 16. Rfe1 Nxf3+ 17. Bxf3 Be6 18. Qd4+ Kg8 19. Ne4 Rd8 20. Nf6+ 1-0

[Event "ch-FRA Blitz Online Qual"]
[Site "Europe-Chess INT"]
[Date "2020.05.16"]
[Round "9"]
[White "Capton, Rafael"]
[Black "Berger Dit Lacroix, Kilian"]
[Result "0-1"]
[WhiteElo "1737"]
[BlackElo "2129"]
[WhiteFideId "36084778"]
[BlackFideId "36091855"]
[EventDate "2020.05.16"]

1. e4 c5 2. Nf3 g6 3. d4 cxd4 4. Nxd4 Bg7 5. Nc3 Nc6 6. Be3 Nf6 7. Bc4 Qa5 8.
O-O O-O 9. Bb3 d6 10. h3 Bd7 11. f4 Rac8 12. Nxc6 Bxc6 13. Qd3 b5 14. a3 Qc7 15.
Rae1 a5 16. Nxb5 Bxb5 17. Qxb5 Nxe4 18. Bb6 Qb7 19. Bd5 Bd4+ 20. Kh1 Ng3+ 21.
Kh2 Nxf1+ 22. Rxf1 Qxb6 23. Qd3 Qxb2 24. Rd1 Bf6 25. f5 Qxc2 26. Qf3 Qxf5 0-1

[Event "ch-FRA Blitz Online Qual"]
[Site "Europe-Chess INT"]
[Date "2020.05.16"]
[Round "9"]
[White "Bailly, Thierry"]
[Black "Carme, Jeremie"]
[Result "1-0"]
[WhiteElo "1989"]
[BlackElo "1659"]
[WhiteFideId "26051680"]
[BlackFideId "45184593"]
[EventDate "2020.05.16"]

1. e4 c5 2. Nf3 Nc6 3. Bb5 g6 4. O-O Bg7 5. Re1 a6 6. Bc4 e6 7. c3 Nge7 8. d4
cxd4 9. cxd4 O-O 10. Nc3 b5 11. Bb3 d5 12. e5 Na5 13. Bc2 Bb7 14. Bg5 Qd7 15.
Bf6 Nf5 16. Bxf5 gxf5 17. Qd2 Bxf6 18. exf6 Kh8 19. Qh6 Rg8 20. Ne5 Qe8 21. Re3
Nc4 22. Qxh7+ Kxh7 23. Rh3# 1-0

[Event "ch-FRA Blitz Online Qual"]
[Site "Europe-Chess INT"]
[Date "2020.05.16"]
[Round "9"]
[White "Saba, Nathalie"]
[Black "Suez-Panama, Gilles"]
[Result "0-1"]
[WhiteElo "1626"]
[BlackElo "1943"]
[WhiteFideId "26095939"]
[BlackFideId "620165"]
[EventDate "2020.05.16"]

1. e4 e6 2. d4 d5 3. Nd2 Nc6 4. Ngf3 Nf6 5. e5 Nd7 6. Bd3 f6 7. exf6 Qxf6 8. c3
Bd6 9. O-O O-O 10. Qe2 e5 11. dxe5 Ndxe5 12. Nxe5 Nxe5 13. Bc2 Bg4 14. Qb5 c6
15. Qxb7 Qh4 16. c4 Be2 17. g3 Qh3 18. Re1 Nf3+ 19. Nxf3 Bxf3 0-1

[Event "ch-FRA Blitz Online Qual"]
[Site "Europe-Chess INT"]
[Date "2020.05.16"]
[Round "9"]
[White "Gordon, James"]
[Black "Thomas, Anysia"]
[Result "1-0"]
[BlackTitle "WFM"]
[WhiteElo "1775"]
[BlackElo "2160"]
[WhiteFideId "45186154"]
[BlackFideId "670472"]
[EventDate "2020.05.16"]

1. d4 Nf6 2. Nf3 g6 3. c4 Bg7 4. Nc3 d5 5. cxd5 Nxd5 6. e4 Nxc3 7. bxc3 c5 8.
Rb1 O-O 9. Be2 Nc6 10. d5 Ne5 11. Nxe5 Bxe5 12. Qd2 e6 13. f4 Bc7 14. Bc4 exd5
15. Bxd5 Rb8 16. O-O b5 17. Qe2 Bd7 18. Rd1 Qh4 19. Qf2 Qxf2+ 20. Kxf2 Rfd8 21.
Be3 Bb6 22. h3 a6 23. g4 Kg7 24. f5 f6 25. Bf4 Rbc8 26. Bb7 c4+ 27. Kf3 Rc5 28.
Be3 Rc6 29. Bxc6 Bxc6 30. Bxb6 Re8 31. Re1 Re5 32. Bd4 Re8 33. Kf4 g5+ 34. Kf3
Re7 35. Bc5 Rd7 36. Rbd1 Rc7 37. Bb4 Ra7 38. Bc5 Rb7 39. Rd6 Rc7 40. Bb6 Rc8 41.
Rd8 Rxd8 42. Bxd8 Kf7 43. Bb6 Ke8 44. Rd1 Bd7 45. Rd6 Ke7 46. Bc5 Ke8 47. Rxf6
a5 48. Rf8# 1-0

[Event "ch-FRA Blitz Online Qual"]
[Site "Europe-Chess INT"]
[Date "2020.05.16"]
[Round "9"]
[White "Lissillour, Baptiste"]
[Black "Bellaiche, Elise"]
[Result "1/2-1/2"]
[BlackTitle "WFM"]
[WhiteElo "1731"]
[BlackElo "2036"]
[WhiteFideId "45179620"]
[BlackFideId "696366"]
[EventDate "2020.05.16"]

1. d4 d6 2. Nf3 Nd7 3. c4 e5 4. Nc3 Ngf6 5. e4 Be7 6. Be2 O-O 7. O-O Re8 8. b3
h6 9. Bb2 Bf8 10. d5 Nc5 11. Qc2 Bg4 12. Ne1 Bxe2 13. Qxe2 Qd7 14. Nd3 Nxd3 15.
Qxd3 a6 16. a4 Qd8 17. Ne2 a5 18. Ng3 Nd7 19. f4 Nc5 20. Qc2 exf4 21. Rxf4 Qg5
22. Raf1 Re7 23. Nf5 Ree8 24. Qe2 g6 25. Rg4 Qd8 26. Nd4 Bg7 27. Qf3 Rf8 28. Bc3
Nd7 29. Qg3 Ne5 30. Rgf4 Qe7 31. Nf3 Nxf3+ 32. Qxf3 Bxc3 33. Qxc3 Qe5 34. Qxe5
dxe5 35. Rf6 Kg7 36. R1f3 Rad8 37. Kf2 Rd6 38. Rxd6 cxd6 39. h4 f5 40. h5 b6 41.
hxg6 Kxg6 42. Rg3+ 1/2-1/2

[Event "ch-FRA Blitz Online Qual"]
[Site "Europe-Chess INT"]
[Date "2020.05.16"]
[Round "9"]
[White "Guillemart, Serge"]
[Black "Trevisiol, Antoine"]
[Result "1-0"]
[WhiteElo "2107"]
[BlackElo "1788"]
[WhiteFideId "26015579"]
[BlackFideId "45136530"]
[EventDate "2020.05.16"]

1. e4 e6 2. d4 d5 3. Nc3 Bb4 4. e5 c5 5. a3 Bxc3+ 6. bxc3 Qc7 7. Qg4 f5 8. Qg3
Nc6 9. Nf3 cxd4 10. cxd4 b6 11. Bb5 Bb7 12. O-O a6 13. Bd3 Qf7 14. Ng5 Qg6 15.
c3 Nge7 16. h4 Kd7 17. a4 h6 18. h5 Qxh5 19. Nf3 g5 20. Rb1 Kc7 21. Ba3 f4 22.
Qh2 Qxh2+ 23. Nxh2 Nc8 24. Ng4 Na5 25. f3 Bc6 26. Bd6+ Kb7 27. Bb4 Kc7 28. Rfc1
Bxa4 29. Bxa5 bxa5 30. c4 Kd8 31. c5 Kc7 32. Ra1 Bb5 33. Bc2 Ne7 34. Rd1 Nc6 35.
Nf6 Bc4 36. Ba4 Rhb8 37. Bxc6 Kxc6 38. Rxa5 Rb4 39. Ng4 Rh8 40. Raa1 Bb5 41. Ra2
Rb3 42. Nf2 Rb4 43. Ng4 Rc4 44. Nf6 Rc3 45. Nh5 Rg8 46. Rb2 Ra3 47. Nf6 Rh8 48.
Nh5 Rg8 49. Kf2 Ra5 50. Nf6 Rh8 51. Rbd2 Ra4 52. Rh1 Ra3 53. Ng4 h5 54. Nf6 h4
55. Rb1 Ra4 56. Ng4 Ra3 57. Nf6 Ra8 58. Nh7 Rg8 59. Kg1 Ra4 60. Kh2 Ra3 61. Rbb2
Kc7 62. Nf6 Rg7 63. Rxb5 axb5 64. Ne8+ Kd7 65. Nxg7 Ke7 66. Nh5 b4 67. Rb2 b3
68. Nf6 Kd8 69. Ng4 Kc7 70. Nf2 Kc6 71. Nd3 Kb5 72. Nc1 Kc4 73. Rxb3 Ra1 74. Rb8
Rxc1 75. c6 Kxd4 76. Rb6 Kxe5 77. Kh3 Kd6 78. c7+ Kxc7 79. Rxe6 Rc6 80. Re2 Rd6
81. Kg4 d4 82. Kxg5 d3 83. Rd2 Kc6 84. Kxh4 Kc5 85. Kg4 Kc4 86. Kxf4 Kc3 87. Rd1
Kc2 88. Rxd3 Rxd3 89. g4 Rd8 90. g5 Kd3 91. g6 Rd5 92. g7 Rd8 93. Kg5 Ke3 94. f4
Ke4 95. f5 Ke5 96. Kg6 Rd6+ 97. Kh7 Rd7 98. Kg6 Rd8 99. f6 Rd1 100. f7 Rg1+ 101.
Kh7 Rh1+ 102. Kg8 Rf1 103. f8=Q Rxf8+ 104. gxf8=Q 1-0